[Event "UKR-ch 1/2 final"]
[Site "Omelnyk UKR"]
[Date "2021.09.26"]
[Round "5.12"]
[White "Golubka, Petro"]
[Black "Marchenko, Artem"]
[Result "0-1"]
[WhiteElo "2438"]
[BlackElo "2226"]
[WhiteFideId "-1"]
[BlackFideId "-1"]
[PlyCount "116"]
[GameId "2129404731239646"]
[EventDate "2021.09.22"]
[EventType "swiss"]
[EventRounds "9"]
[EventCountry "UKR"]
[SourceTitle "10 Days #664"]
[Source "ChessMix"]
[SourceDate "2021.10.01"]
[SourceVersion "1"]
[SourceVersionDate "2021.10.01"]
[SourceQuality "1"]

{[%evp 0,54,27,19,27,7,7,7,23,13,13,-30,-29,-13,-10,-3,7,-4,5,-28,5,12,5,8,-4,-4,-8,17,17,-42,-38,-77,-66,-69,-83,-99,-91,-86,-89,-115,-94,-96,-90,-119,-85,-94,-70,-77,-84,-105,-76,-73,-61,-129,-137,-195,-160]} 1. d4 d5 2. h3 Nf6 3. Nf3 c5 4. e3 Nc6 5. dxc5 e6 6. a3 a5 7. b3 Bxc5 8. Bb2 O-O 9. Nbd2 d4 10. exd4 Nxd4 11. Bd3 b6 12. Ne4 Bb7 13. Nxf6+ Qxf6 14. Nxd4 Rad8 15. c3 e5 16. O-O exd4 17. c4 Qg5 18. g3 Rfe8 19. Kh2 Qf6 20. Ra2 Qc6 21. Rg1 Qd6 22. Bc1 h6 23. Bf4 Qe7 24. Qg4 Bc8 25. Qh5 Qf6 26. h4 Qe6 27. g4 Bd6 28. Bg3 g6 29. Qxh6 Qxg4 30. Bf1 Re5 31. Bf4 Qh5 32. Qxh5 Rxh5 33. Bxd6 Rxh4+ 34. Kg3 Rg4+ 35. Kh2 Rxg1 36. Kxg1 Rxd6 37. b4 Be6 38. Bd3 Rc6 39. Rc2 Kf8 40. Kg2 Ke7 41. Kf3 Rc8 42. c5 bxc5 43. Rxc5 Rxc5 44. bxc5 Bd5+ 45. Kg3 Ke6 46. Kf4 Kf6 47. Kg4 Be6+ 48. Kf4 Bf5 49. Bb5 g5+ 50. Kg3 Ke5 51. f3 Kd5 52. c6 Kc5 53. Ba4 Kd6 54. Bb5 Be6 55. f4 g4 56. Kh4 f5 57. Kg5 g3 58. Bf1 d3 0-1

[Event "UKR-ch 1/2 final"]
[Site "Omelnyk UKR"]
[Date "2021.09.29"]
[Round "8.10"]
[White "Petrovskyi, Vadym"]
[Black "Golubka, Petro"]
[Result "1/2-1/2"]
[WhiteElo "2153"]
[BlackElo "2438"]
[WhiteFideId "-1"]
[BlackFideId "-1"]
[PlyCount "107"]
[GameId "2129404731239677"]
[EventDate "2021.09.22"]
[EventType "swiss"]
[EventRounds "9"]
[EventCountry "UKR"]
[SourceTitle "10 Days #664"]
[Source "ChessMix"]
[SourceDate "2021.10.01"]
[SourceVersion "1"]
[SourceVersionDate "2021.10.01"]
[SourceQuality "1"]
[TimeControl "40/5400+30:1800+30"]

1. e4 {[%emt 0:00:46]} c6 {[%emt 0:06:17]} 2. d4 {[%emt 0:00:10]} d6 {[%emt 0:00:03]} 3. Nc3 {[%emt 0:01:08]} Nf6 {[%emt 0:00:23]} 4. f4 {[%emt 0:00:30]} g6 {[%emt 0:00:37]} 5. Nf3 {[%emt 0:00:48]} Bg7 {[%emt 0:00:06]} 6. e5 {[%emt 0:06:07]} Nd5 {[%emt 0:00:06]} 7. Nxd5 {[%emt 0:04:08]} cxd5 {[%emt 0:00:02]} 8. Bd3 {[%emt 0:00:58]} Nc6 {[%emt 0:00:19]} 9. c3 {[%emt 0:00:14]} dxe5 {[%emt 0:00:58]} 10. fxe5 {[%emt 0:00:28]} f6 {[%emt 0:00:32]} 11. exf6 {[%emt 0:20:59]} exf6 {[%emt 0:01:48]} 12. O-O {[%emt 0:04:37]} O-O {[%emt 0:00:16]} 13. Bf4 {[%emt 0:16:57]} Re8 {[%emt 0:10:44]} 14. Qb3 {[%emt 0:04:11]} Na5 {[%emt 0:01:43]} 15. Qb5 {[%emt 0:02:06]} a6 {[%emt 0:03:48]} 16. Qc5 {[%emt 0:01:07]} Nc6 {[%emt 0:00:34]} 17. Qa3 {[%emt 0:06:26]} Bg4 {[%emt 0:01:03]} 18. Rae1 {[%emt 0:00:44]} Qd7 {[%emt 0:00:48]} 19. Qb3 {[%emt 0:01:46]} Bf8 {[%emt 0:12:51]} 20. Nd2 {[%emt 0:04:41]} Be6 {[%emt 0:01:05]} 21. Re2 {[%emt 0:06:22]} b5 {[%emt 0:04:58]} 22. Bg3 {[%emt 0:01:20]} Kg7 {[%emt 0:01:37]} 23. Qc2 {[%emt 0:02:32]} Rac8 {[%emt 0:06:42]} 24. Qb1 {[%emt 0:01:55]} Bg4 {[%emt 0:07:10]} 25. Ref2 {[%emt 0:00:48]} f5 {[%emt 0:00:33]} 26. Nb3 {[%emt 0:02:46]} Bd6 {[%emt 0:03:37]} 27. Nc5 {[%emt 0:00:28]} Qe7 {[%emt 0:00:21]} 28. Bxd6 {[%emt 0:02:58]} Qxd6 {[%emt 0:00:14]} 29. Qc1 {[%emt 0:00:21]} Ne5 {[%emt 0:02:12]} 30. Nb7 {[%emt 0:00:42]} Qb6 {[%emt 0:00:31]} 31. dxe5 {[%emt 0:00:06]} Rxe5 {[%emt 0:01:53]} 32. Qf4 {[%emt 0:01:34]} Rce8 {[%emt 0:00:34]} 33. h3 {[%emt 0:00:14]} Bxh3 {[%emt 0:00:26]} 34. gxh3 {[%emt 0:00:19]} Qxb7 {[%emt 0:00:03]} 35. Qd4 {[%emt 0:01:41]} Kg8 {[%emt 0:00:36]} 36. Bxf5 {[%emt 0:01:11]} gxf5 {[%emt 0:14:14]} 37. Rg2+ {[%emt 0:00:03]} Kf8 {[%emt 0:00:07]} 38. Rxf5+ {[%emt 0:03:59]} Rxf5 {[%emt 0:00:52]} 39. Qh8+ {[%emt 0:00:05]} Ke7 {[%emt 0:00:13]} 40. Re2+ {[%emt 0:00:00]} Kd6 {[%emt 0:00:00]} 41. Qxe8 {[%emt 0:02:16]} Qa7+ {[%emt 0:06:40]} 42. Kh2 {[%emt 0:02:19]} Rf2+ {[%emt 0:00:41]} 43. Kg3 {[%emt 0:00:08]} Rxe2 {[%emt 0:00:05]} 44. Qxe2 {[%emt 0:00:02]} Qg7+ {[%emt 0:10:07]} 45. Kf2 {[%emt 0:01:57]} Qg6 {[%emt 0:04:03]} 46. a3 {[%emt 0:04:07]} Kc5 {[%emt 0:04:01]} 47. b4+ {[%emt 0:01:25]} Kd6 {[%emt 0:00:49]} 48. Qe3 {[%emt 0:00:40]} Qf5+ {[%emt 0:01:11]} 49. Kg3 {[%emt 0:06:23]} Qe4 {[%emt 0:01:43]} 50. Qb6+ {[%emt 0:04:02]} Ke5 {[%emt 0:01:06]} 51. Qc7+ {[%emt 0:00:10]} Ke6 {[%emt 0:00:24]} 52. Qc8+ {[%emt 0:01:17]} Ke5 {[%emt 0:00:40]} 53. Qc7+ {[%emt 0:00:13]} Ke6 {[%emt 0:00:26]} 54. Qc8+ {[%emt 0:00:05]} 1/2-1/2

[Event "UKR-ch 1/2 final"]
[Site "Omelnyk UKR"]
[Date "2021.09.30"]
[Round "9.10"]
[White "Golubka, Petro"]
[Black "Berin, Artem"]
[Result "1-0"]
[WhiteElo "2438"]
[BlackElo "2116"]
[WhiteFideId "-1"]
[BlackFideId "-1"]
[PlyCount "65"]
[GameId "2130307583153899"]
[EventDate "2021.09.22"]
[EventType "swiss"]
[EventRounds "9"]
[EventCountry "UKR"]
[SourceTitle "10 Days #664"]
[Source "ChessMix"]
[SourceDate "2021.10.01"]
[SourceVersion "1"]
[SourceVersionDate "2021.10.01"]
[SourceQuality "1"]

1. Nf3 d5 2. g3 Nf6 3. Bg2 e6 4. O-O Be7 5. b3 O-O 6. Bb2 b6 7. d3 Bb7 8. Nbd2 c5 9. e3 Nc6 10. a3 Qc7 11. c4 Rad8 12. Qe2 Qb8 13. Rfd1 Rd7 14. Rac1 Rfd8 15. d4 dxc4 16. bxc4 Na5 17. Ne5 Rc7 18. Ndf3 Ne4 19. Nxf7 Kxf7 20. Ne5+ Kg8 21. Qg4 Ng5 22. f4 Nf7 23. d5 Bf8 24. Nxf7 Rxf7 25. dxe6 Rc7 26. Bd5 Bxd5 27. cxd5 c4 28. f5 c3 29. Rxc3 Rxc3 30. Bxc3 Qc7 31. Bf6 Rd6 32. e7 Rxf6 33. e8=Q 1-0

[Event "Szansa Rapid op"]
[Site "Warsaw POL"]
[Date "2021.09.11"]
[Round "1.3"]
[White "Pancewicz, Szymon"]
[Black "Golubka, Petro"]
[Result "0-1"]
[WhiteElo "1876"]
[BlackElo "2438"]
[WhiteFideId "-1"]
[BlackFideId "-1"]
[PlyCount "94"]
[GameId "2130307583500356"]
[EventDate "2021.09.11"]
[EventType "swiss (rapid)"]
[EventRounds "9"]
[EventCountry "POL"]
[SourceTitle "10 Days #663"]
[Source "ChessMix"]
[SourceDate "2021.09.20"]
[SourceVersion "1"]
[SourceVersionDate "2021.09.20"]
[SourceQuality "1"]

1. e4 Nf6 2. e5 Ng8 3. d4 d6 4. exd6 exd6 5. c4 Nf6 6. Nc3 g6 7. g3 Bg7 8. Bg2 O-O 9. Nge2 Re8 10. O-O a6 11. Nf4 c6 12. Re1 Rxe1+ 13. Qxe1 Bf5 14. b3 Nbd7 15. Bb2 h5 16. Ne4 Ne8 17. Qd2 a5 18. a4 Qb6 19. Qe3 Qd8 20. Re1 Rc8 21. Qd2 Nf8 22. d5 Bxe4 23. Bxe4 c5 24. Bg2 Nh7 25. Nd3 Nef6 26. f4 Qb6 27. Qd1 h4 28. g4 Re8 29. Rxe8+ Nxe8 30. Bxg7 Nxg7 31. h3 g5 32. fxg5 Nxg5 33. Nf4 Qd8 34. Qe1 Qf6 35. Qxa5 Qxf4 36. Qa8+ Kh7 37. Qxb7 Nxh3+ 38. Bxh3 Qg3+ 39. Kf1 Qxh3+ 40. Ke1 Qg3+ 41. Kd2 Qg2+ 42. Kc3 Qf3+ 43. Kb2 h3 44. Qe7 Qg2+ 45. Ka3 h2 46. Qh4+ Kg6 47. g5 Nh5 0-1

[Event "Szansa Rapid op"]
[Site "Warsaw POL"]
[Date "2021.09.11"]
[Round "2.3"]
[White "Golubka, Petro"]
[Black "Poniewierski, Piotr"]
[Result "1-0"]
[WhiteElo "2438"]
[BlackElo "1768"]
[WhiteFideId "-1"]
[BlackFideId "-1"]
[PlyCount "41"]
[GameId "2130307583500368"]
[EventDate "2021.09.11"]
[EventType "swiss (rapid)"]
[EventRounds "9"]
[EventCountry "POL"]
[SourceTitle "10 Days #663"]
[Source "ChessMix"]
[SourceDate "2021.09.20"]
[SourceVersion "1"]
[SourceVersionDate "2021.09.20"]
[SourceQuality "1"]

1. d4 d5 2. Nc3 c6 3. a3 Nf6 4. h3 g6 5. Bf4 Bg7 6. e3 b6 7. g4 Ba6 8. Bxa6 Nxa6 9. Qe2 Nc7 10. Nf3 Ne6 11. Bg3 Nd7 12. O-O-O Nf6 13. Ne5 Rc8 14. f4 Ne4 15. Nxe4 dxe4 16. f5 Nf8 17. d5 cxd5 18. Qb5+ Nd7 19. Rxd5 Qc7 20. Qxd7+ Qxd7 21. Nxd7 1-0

[Event "Szansa Rapid op"]
[Site "Warsaw POL"]
[Date "2021.09.11"]
[Round "3.3"]
[White "Kruse, Janik"]
[Black "Golubka, Petro"]
[Result "0-1"]
[WhiteElo "2232"]
[BlackElo "2438"]
[WhiteFideId "-1"]
[BlackFideId "-1"]
[PlyCount "66"]
[GameId "2130307583504477"]
[EventDate "2021.09.11"]
[EventType "swiss (rapid)"]
[EventRounds "9"]
[EventCountry "POL"]
[SourceTitle "10 Days #663"]
[Source "ChessMix"]
[SourceDate "2021.09.20"]
[SourceVersion "1"]
[SourceVersionDate "2021.09.20"]
[SourceQuality "1"]

1. d4 b5 2. Nf3 Bb7 3. Bf4 a6 4. e3 e6 5. Be2 Be7 6. O-O d6 7. Nbd2 g5 8. Bg3 h5 9. h3 Nh6 10. Ne1 g4 11. hxg4 Nxg4 12. Bxg4 hxg4 13. Qxg4 Nd7 14. e4 Nf6 15. Qe2 Qd7 16. a4 bxa4 17. Nd3 O-O-O 18. b3 Rdg8 19. Rfb1 Qc6 20. Nb4 Qb5 21. Nd3 Qg5 22. Nf4 Nh5 23. Nxh5 Rxh5 24. Nf1 Qh6 25. f3 Rhg5 26. Kf2 Rxg3 27. Nxg3 Qh4 28. Ke3 Qxg3 29. bxa4 d5 30. e5 c5 31. Rb6 Qg5+ 32. Kd3 Bd8 33. Rb3 c4+ 0-1

[Event "Szansa Rapid op"]
[Site "Warsaw POL"]
[Date "2021.09.11"]
[Round "5.8"]
[White "Mikhaletz, Lubomir"]
[Black "Golubka, Petro"]
[Result "0-1"]
[WhiteElo "2316"]
[BlackElo "2438"]
[WhiteFideId "-1"]
[BlackFideId "-1"]
[PlyCount "104"]
[GameId "2130307583504505"]
[EventDate "2021.09.11"]
[EventType "swiss (rapid)"]
[EventRounds "9"]
[EventCountry "POL"]
[SourceTitle "10 Days #663"]
[Source "ChessMix"]
[SourceDate "2021.09.20"]
[SourceVersion "1"]
[SourceVersionDate "2021.09.20"]
[SourceQuality "1"]

1. d4 b6 2. g3 Bb7 3. Nf3 e6 4. Bg2 d6 5. b3 Nd7 6. Bb2 Ngf6 7. Nbd2 g6 8. O-O Bg7 9. Re1 d5 10. c4 O-O 11. Rc1 Re8 12. Qc2 c5 13. cxd5 exd5 14. e3 a5 15. Bf1 Bc6 16. dxc5 bxc5 17. Nd4 Bb7 18. Nb5 Qb6 19. a4 Bf8 20. h3 Rac8 21. Bg2 Bc6 22. Qd3 Ne5 23. Qe2 Rb8 24. Bxe5 Rxe5 25. Bf1 Rd8 26. Nf3 Ree8 27. Qc2 Bb7 28. Bg2 Rc8 29. Nd2 Bh6 30. f4 Bf8 31. Kh2 Bc6 32. Qd3 Rcd8 33. Nf3 Bxb5 34. axb5 Rb8 35. Bf1 h5 36. Ne5 Kg7 37. Nc6 Ra8 38. Qc3 a4 39. g4 hxg4 40. hxg4 d4 41. exd4 cxd4 42. Qxd4 Qxd4 43. Nxd4 Nxg4+ 44. Kg3 Ne3 45. bxa4 Rxa4 46. Kf3 Ra3 47. Kf2 Bc5 48. Rxc5 Ng4+ 49. Kg2 Rxe1 50. b6 Ne3+ 51. Kf2 Rxf1+ 52. Ke2 Rb1 0-1

[Event "Szansa Rapid op"]
[Site "Warsaw POL"]
[Date "2021.09.11"]
[Round "6.4"]
[White "Golubka, Petro"]
[Black "Przedmojski, Rafal"]
[Result "1-0"]
[WhiteElo "2438"]
[BlackElo "2357"]
[WhiteFideId "-1"]
[BlackFideId "-1"]
[PlyCount "85"]
[GameId "2130307583504514"]
[EventDate "2021.09.11"]
[EventType "swiss (rapid)"]
[EventRounds "9"]
[EventCountry "POL"]
[SourceTitle "10 Days #663"]
[Source "ChessMix"]
[SourceDate "2021.09.20"]
[SourceVersion "1"]
[SourceVersionDate "2021.09.20"]
[SourceQuality "1"]

1. d4 d5 2. Nc3 Nf6 3. Bg5 c5 4. e3 cxd4 5. Qxd4 Nc6 6. Qd2 e6 7. a3 Be7 8. Nf3 h6 9. Bh4 O-O 10. Bd3 Ng4 11. Bg3 Bf6 12. O-O Nge5 13. Nxe5 Nxe5 14. Be2 Bd7 15. e4 d4 16. Na2 Nc6 17. Bd3 Qb6 18. Rab1 e5 19. f4 Rae8 20. f5 Bg5 21. Qe2 Be3+ 22. Kh1 f6 23. Be1 a5 24. b4 Rc8 25. c4 axb4 26. Nxb4 Qa7 27. Nc2 Be8 28. h3 Bf7 29. Rb5 Rc7 30. g4 Rfc8 31. h4 Bf4 32. c5 Qa4 33. Kg2 Ra8 34. g5 fxg5 35. hxg5 hxg5 36. Rh1 Kf8 37. Rh7 Bg8 38. Rh8 Ke7 39. Nb4 Nxb4 40. Bxb4 Kf6 41. Rb6+ Rc6 42. Rxb7 Bf7 43. Bc4 1-0

[Event "Szansa Rapid op"]
[Site "Warsaw POL"]
[Date "2021.09.11"]
[Round "7.3"]
[White "Kashlinskaya, Alina"]
[Black "Golubka, Petro"]
[Result "1-0"]
[WhiteElo "2493"]
[BlackElo "2438"]
[WhiteFideId "-1"]
[BlackFideId "-1"]
[PlyCount "67"]
[GameId "2130307583504526"]
[EventDate "2021.09.11"]
[EventType "swiss (rapid)"]
[EventRounds "9"]
[EventCountry "POL"]
[SourceTitle "10 Days #663"]
[Source "ChessMix"]
[SourceDate "2021.09.20"]
[SourceVersion "1"]
[SourceVersionDate "2021.09.20"]
[SourceQuality "1"]

1. d4 b5 2. e4 a6 3. Bd3 Bb7 4. Nf3 e6 5. O-O d6 6. a4 b4 7. a5 Nf6 8. Nbd2 Be7 9. Re1 O-O 10. e5 Nd5 11. Ne4 Nd7 12. c4 bxc3 13. bxc3 Bc6 14. Bd2 dxe5 15. dxe5 Re8 16. Qc2 Nf8 17. Neg5 g6 18. Ne4 Qd7 19. c4 Nb4 20. Bxb4 Bxe4 21. Bxe4 Bxb4 22. Red1 Qe7 23. Bxa8 Rxa8 24. Qa4 Qc5 25. h4 Bc3 26. Ra3 Bb4 27. Rad3 Bxa5 28. Rd8 Rxd8 29. Rxd8 Bb6 30. Qe8 Kg7 31. Kh1 Qb4 32. Ng5 Bc5 33. Qxf7+ Kh6 34. Rxf8 1-0

[Event "Szansa Rapid op"]
[Site "Warsaw POL"]
[Date "2021.09.11"]
[Round "8.7"]
[White "Golubka, Petro"]
[Black "Grabarczyk, Miroslaw"]
[Result "0-1"]
[WhiteElo "2438"]
[BlackElo "2367"]
[WhiteFideId "-1"]
[BlackFideId "-1"]
[PlyCount "66"]
[GameId "2130307583504543"]
[EventDate "2021.09.11"]
[EventType "swiss (rapid)"]
[EventRounds "9"]
[EventCountry "POL"]
[SourceTitle "10 Days #663"]
[Source "ChessMix"]
[SourceDate "2021.09.20"]
[SourceVersion "1"]
[SourceVersionDate "2021.09.20"]
[SourceQuality "1"]

1. e4 e5 2. Nf3 Nf6 3. Nxe5 d6 4. Nc4 Nxe4 5. d3 Nf6 6. d4 Be7 7. Bd3 O-O 8. O-O Bg4 9. Qe1 Nc6 10. Be3 Re8 11. f4 Be6 12. Nba3 Ng4 13. c3 Bxc4 14. Nxc4 b5 15. Be4 Bh4 16. Qe2 Rxe4 17. Qxg4 bxc4 18. Bd2 Bf6 19. Qf3 d5 20. Rfe1 Qe7 21. Rxe4 Qxe4 22. Qxe4 dxe4 23. Kf2 Re8 24. Ke3 g6 25. b3 Bg7 26. g4 f5 27. gxf5 gxf5 28. Rg1 Kf7 29. Rg5 Ne7 30. bxc4 Rb8 31. Rg1 Rb2 32. a4 c6 33. Ra1 c5 0-1

[Event "Titled Tuesday 2021.09.07"]
[Site "Chess.com INT"]
[Date "2021.09.07"]
[Round "11"]
[White "Dahlgren, James Allen"]
[Black "Golubka, Petro"]
[Result "0-1"]
[WhiteElo "1845"]
[BlackElo "2438"]
[WhiteFideId "-1"]
[BlackFideId "-1"]
[PlyCount "96"]
[GameId "1692343236792320"]
[EventDate "2021.09.07"]
[EventType "swiss (blitz)"]
[EventRounds "11"]
[EventCountry "NET"]
[SourceTitle "EXT 2022"]
[Source "ChessBase"]
[SourceDate "2021.10.06"]
[SourceVersion "1"]
[SourceVersionDate "2021.10.06"]
[SourceQuality "1"]

1. e4 e6 2. c4 d5 3. cxd5 exd5 4. exd5 Nf6 5. Nc3 Nxd5 6. d4 Bb4 7. Bd2 O-O 8. Nf3 Re8+ 9. Be2 Nf6 10. O-O Nc6 11. a3 Ba5 12. Bg5 h6 13. Bh4 Bf5 14. Qd2 Ne4 15. Nxe4 Bxd2 16. Bxd8 Raxd8 17. Nfxd2 Bxe4 18. Nxe4 Rxe4 19. Bf3 Rexd4 20. Bxc6 bxc6 21. Rac1 R8d6 22. Rfe1 Rd2 23. b4 Ra2 24. Re3 Rf6 25. f3 Rd6 26. f4 c5 27. bxc5 Rdd2 28. Rg3 Rdc2 29. Rxc2 Rxc2 30. Rb3 Rxc5 31. Rb7 a5 32. Kf2 Kh7 33. Ke3 Rc3+ 34. Kf2 Kg6 35. g3 h5 36. h3 h4 37. gxh4 Rxh3 38. Rxc7 Rxa3 39. Rc5 a4 40. Ra5 Ra1 41. Kg3 a3 42. h5+ Kh6 43. Kg4 a2 44. Ra6+ f6 45. Kf5 Kxh5 46. Ra8 Kh4 47. Rh8+ Kg3 48. Ra8 Rf1 0-1

[Event "Titled Tuesday 2021.09.07"]
[Site "chess.com INT"]
[Date "2021.09.07"]
[Round "10"]
[White "Golubka, Petro"]
[Black "Boidiya, Sidi"]
[Result "1-0"]
[WhiteElo "2438"]
[BlackElo "2040"]
[WhiteFideId "-1"]
[BlackFideId "-1"]
[PlyCount "83"]
[GameId "2130307583725017"]
[EventDate "2021.09.07"]
[EventType "swiss (blitz)"]
[EventRounds "11"]
[EventCountry "NET"]
[SourceTitle "The Week in Chess 1401"]
[Source "Mark Crowther"]
[SourceDate "2021.09.13"]
[SourceVersion "1"]
[SourceVersionDate "2021.09.13"]
[SourceQuality "2"]

1. e4 c5 2. Nc3 g6 3. Nf3 Bg7 4. Bc4 e6 5. O-O d6 6. Re1 Nc6 7. a4 Nge7 8. h3 O-O 9. Ba2 a6 10. d3 Rb8 11. Bd2 b5 12. axb5 axb5 13. Rb1 b4 14. Ne2 e5 15. Bb3 Be6 16. Bxe6 fxe6 17. Ng5 Qd7 18. Ng3 h6 19. Nf3 Rf7 20. c3 bxc3 21. bxc3 Rbf8 22. Be3 g5 23. Nh2 Ng6 24. Nh5 Nf4 25. Nxg7 Kxg7 26. d4 exd4 27. cxd4 cxd4 28. Bxd4+ Nxd4 29. Qxd4+ e5 30. Qe3 Ne6 31. Rb2 Nd4 32. Rd2 Qe6 33. Red1 Qf6 34. f3 h5 35. Nf1 Kh7 36. Ng3 Qg6 37. Ne2 Nxf3+ 38. gxf3 Rxf3 39. Qb6 Qxe4 40. Rxd6 Qxe2 41. Rh6+ Kg8 42. Qg6# 1-0

[Event "Ustron op-A"]
[Site "Ustron POL"]
[Date "2021.08.13"]
[Round "1.3"]
[White "Golubka, Petro"]
[Black "Szadkowski, Kamil"]
[Result "1-0"]
[WhiteElo "2429"]
[BlackElo "2282"]
[WhiteFideId "-1"]
[BlackFideId "-1"]
[PlyCount "63"]
[GameId "2130307584726733"]
[EventDate "2021.08.13"]
[EventType "swiss"]
[EventRounds "9"]
[EventCountry "POL"]
[SourceTitle "10 Days #661"]
[Source "ChessMix"]
[SourceDate "2021.09.01"]
[SourceVersion "1"]
[SourceVersionDate "2021.09.01"]
[SourceQuality "1"]

1. d4 Nf6 2. Nc3 d5 3. Bg5 Nbd7 4. Qd2 e6 5. a3 c5 6. e3 Be7 7. f3 O-O 8. Nh3 Nh5 9. Bxe7 Qxe7 10. g4 Nhf6 11. Nf4 b6 12. O-O-O a6 13. h4 b5 14. g5 Ne8 15. e4 b4 16. axb4 cxb4 17. Na4 Bb7 18. exd5 exd5 19. Bh3 Nc7 20. Rde1 Qd6 21. Bxd7 Qxd7 22. Nb6 Qb5 23. Nxa8 Nxa8 24. Nd3 a5 25. Re7 Bc6 26. g6 fxg6 27. h5 Qa4 28. Kb1 b3 29. cxb3 Qxd4 30. hxg6 Bb5 31. gxh7+ Kh8 32. Ne5 1-0

[Event "Ustron op-A"]
[Site "Ustron POL"]
[Date "2021.08.14"]
[Round "2.3"]
[White "Seemann, Jakub"]
[Black "Golubka, Petro"]
[Result "1/2-1/2"]
[WhiteElo "2302"]
[BlackElo "2429"]
[WhiteFideId "-1"]
[BlackFideId "-1"]
[PlyCount "114"]
[GameId "2130307584726751"]
[EventDate "2021.08.13"]
[EventType "swiss"]
[EventRounds "9"]
[EventCountry "POL"]
[SourceTitle "10 Days #661"]
[Source "ChessMix"]
[SourceDate "2021.09.01"]
[SourceVersion "1"]
[SourceVersionDate "2021.09.01"]
[SourceQuality "1"]

1. e4 b6 2. d4 Bb7 3. Nc3 e6 4. Bd3 g6 5. Nf3 Bg7 6. Bg5 Ne7 7. Qd2 h6 8. Be3 d6 9. O-O-O Nd7 10. Rhe1 a6 11. d5 e5 12. Ng1 b5 13. g3 c6 14. dxc6 Bxc6 15. Bf1 Nc8 16. Bg2 Ndb6 17. b3 b4 18. Nd5 Bxd5 19. exd5 a5 20. f4 O-O 21. fxe5 a4 22. Qxb4 axb3 23. Qxb3 Bxe5 24. Bxh6 Re8 25. Nf3 Bf6 26. Rxe8+ Qxe8 27. Re1 Qd8 28. Nd2 Na4 29. Ne4 Bb2+ 30. Kd1 Ncb6 31. Bg5 Qc7 32. Bf6 Nc4 33. Bf1 Ne5 34. Bb5 Nc3+ 35. Nxc3 Bxc3 36. Bc6 Bxe1 37. Bxa8 Ba5 38. Qb7 Ng4 39. Qxc7 Bxc7 40. Bd4 Nxh2 41. Ke2 Ba5 42. a3 f5 43. c4 Kf7 44. Bc6 Ng4 45. c5 dxc5 46. Bxc5 Nf6 47. Bb4 Bxb4 48. axb4 Ne4 49. b5 Nc3+ 50. Kd3 Na4 51. Kc4 Ke7 52. Kb4 Nb6 53. Ka5 Nc4+ 54. Ka6 Kd6 55. b6 Nxb6 56. Kxb6 g5 57. Ka5 Ke5 1/2-1/2

[Event "Ustron op-A"]
[Site "Ustron POL"]
[Date "2021.08.14"]
[Round "3.3"]
[White "Golubka, Petro"]
[Black "Suder, Jakub"]
[Result "1-0"]
[WhiteElo "2429"]
[BlackElo "2346"]
[WhiteFideId "-1"]
[BlackFideId "-1"]
[PlyCount "87"]
[GameId "2130307584726769"]
[EventDate "2021.08.13"]
[EventType "swiss"]
[EventRounds "9"]
[EventCountry "POL"]
[SourceTitle "10 Days #661"]
[Source "ChessMix"]
[SourceDate "2021.09.01"]
[SourceVersion "1"]
[SourceVersionDate "2021.09.01"]
[SourceQuality "1"]

1. d4 d5 2. Nc3 Nf6 3. Bg5 Nbd7 4. a3 c6 5. Qd2 h6 6. Bh4 e6 7. f3 Qb6 8. O-O-O Be7 9. g4 Qa5 10. Qe1 c5 11. Nxd5 Qxe1 12. Nxf6+ Bxf6 13. Bxe1 Bxd4 14. e4 h5 15. g5 Be3+ 16. Bd2 Bxd2+ 17. Kxd2 Ke7 18. Ke3 b6 19. Bb5 Nb8 20. g6 a6 21. Be2 f6 22. f4 Rh6 23. Nf3 Nc6 24. c3 Bb7 25. b4 cxb4 26. cxb4 Rc8 27. Rd2 Rhh8 28. Rhd1 Rhd8 29. Rxd8 Rxd8 30. Rxd8 Kxd8 31. Nd4 Nxd4 32. Kxd4 h4 33. e5 Ke7 34. a4 a5 35. bxa5 bxa5 36. Kc5 Be4 37. Kb6 fxe5 38. fxe5 Bxg6 39. Kxa5 Be4 40. Kb6 Kd8 41. a5 Kc8 42. Bc4 Bf5 43. Ba6+ Kb8 44. Bb7 1-0

[Event "Ustron op-A"]
[Site "Ustron POL"]
[Date "2021.08.15"]
[Round "4.2"]
[White "Godzwon, Iwo"]
[Black "Golubka, Petro"]
[Result "0-1"]
[WhiteElo "2338"]
[BlackElo "2429"]
[WhiteFideId "-1"]
[BlackFideId "-1"]
[PlyCount "106"]
[GameId "2130307584730883"]
[EventDate "2021.08.13"]
[EventType "swiss"]
[EventRounds "9"]
[EventCountry "POL"]
[SourceTitle "10 Days #661"]
[Source "ChessMix"]
[SourceDate "2021.09.01"]
[SourceVersion "1"]
[SourceVersionDate "2021.09.01"]
[SourceQuality "1"]

1. e4 c6 2. d4 d5 3. e5 Bf5 4. Nd2 e6 5. Nb3 Nd7 6. Nf3 h6 7. Be2 Ne7 8. a4 g5 9. Bd2 a5 10. O-O Bg7 11. c4 dxc4 12. Bxc4 Nd5 13. Qe2 O-O 14. Bd3 Qb6 15. Bxf5 exf5 16. Qc4 Rfe8 17. Rfe1 f4 18. Bc3 Qa6 19. Nfd2 Qxc4 20. Nxc4 b6 21. Nd6 Re6 22. Nf5 Rae8 23. Bd2 Bf8 24. g3 f3 25. Ne3 f6 26. Nxd5 cxd5 27. Re3 g4 28. exf6 Nxf6 29. Rxe6 Rxe6 30. Be3 h5 31. Kf1 Ne4 32. Rc1 Bh6 33. Bxh6 Rxh6 34. Rc8+ Kf7 35. Nc1 b5 36. Nd3 bxa4 37. Ne5+ Ke7 38. Rc7+ Kd8 39. Rb7 Kc8 40. Rb5 Kc7 41. Ke1 Rb6 42. Rxb6 Kxb6 43. h3 gxh3 44. Nxf3 Ng5 45. Nh2 Ne6 46. Kd2 Nxd4 47. Kd3 Kc5 48. f3 Ne6 49. f4 d4 50. Nf3 Kd5 51. f5 Nc5+ 52. Kd2 Ne4+ 53. Kd3 Nf6 0-1

[Event "Ustron op-A"]
[Site "Ustron POL"]
[Date "2021.08.16"]
[Round "5.1"]
[White "Warakomski, Tomasz"]
[Black "Golubka, Petro"]
[Result "1/2-1/2"]
[WhiteElo "2510"]
[BlackElo "2429"]
[WhiteFideId "-1"]
[BlackFideId "-1"]
[PlyCount "24"]
[GameId "2130307584730901"]
[EventDate "2021.08.13"]
[EventType "swiss"]
[EventRounds "9"]
[EventCountry "POL"]
[SourceTitle "10 Days #661"]
[Source "ChessMix"]
[SourceDate "2021.09.01"]
[SourceVersion "1"]
[SourceVersionDate "2021.09.01"]
[SourceQuality "1"]

1. e4 Nf6 2. e5 Nd5 3. d4 d6 4. Nf3 Bg4 5. Be2 e6 6. O-O Be7 7. h3 Bh5 8. Re1 O-O 9. Nbd2 a5 10. exd6 cxd6 11. a4 Nc6 12. c3 Rb8 1/2-1/2